000 00514pam a2200193 a 4500
020 _a0070495629 :
040 _cDLC
082 0 0 _a540 HIL 1992 A032 Or.
100 1 _aPeters, Edward I.
245 1 0 _aChemical skills /
250 _a4th ed.
260 _aNew York :
_bMcGraw-Hill,
_cc1992.
300 _ax, 512 p. :
_bill. ;
_c28 cm.
500 _aIncludes index.
650 0 _aChemistry
700 1 _aScroggins, William.
856 4 2 _uhttp://www.loc.gov/catdir/description/mh022/91026632.html
942 _cEK
999 _c12148
_d12148